000 00495nam a2200169Ia 4500
003 LDD
008 190117s9999 xx 000 0 und d
020 _a8170554128
_c₹125
040 _cLDD
041 _ahi
082 _ah 320.90089914122054 मु74
100 _aराजकिशोर
245 0 _aमुसलमान क्या सोचते हैं
_cराजकिशोर
260 _aनई दिल्ली
_bवाणी
_c1995
300 _a142
942 _2ddc
_cH
999 _c168287
_d168287